[Event "Aeroflot Open A 2017"]
[Site "Moscow RUS"]
[Date "2017.02.21"]
[Round "1.1"]
[White "Yu, Yangyi"]
[Black "Karthikeyan, Murali"]
[Result "1/2-1/2"]
[WhiteTitle "GM"]
[BlackTitle "GM"]
[WhiteElo "2738"]
[BlackElo "2578"]
[WhiteFideId "8603820"]
[BlackFideId "5074452"]
[EventDate "2017.02.21"]

1. e4 c5 2. Nf3 e6 3. c4 a6 4. Be2 Qc7 5. Nc3 b6 6. d4 cxd4 7. Nxd4 Bb7 8. Be3
Nf6 9. f3 Be7 10. O-O O-O 11. Kh1 d6 12. Rc1 Nbd7 13. b4 Rac8 14. a3 Rfe8 15.
Qd2 Qb8 16. Rfd1 Bd8 17. Nb3 Bc7 18. Bf4 d5 19. Bxc7 Rxc7 20. cxd5 exd5 21. exd5
Nxd5 22. Nxd5 Bxd5 23. Nd4 b5 24. Bf1 Rxc1 25. Rxc1 Qe5 26. Nb3 Bxb3 27. Qxd7 g6
28. Qd2 Qe3 29. Qb2 Rd8 30. h3 Be6 31. Qf6 Qxc1 32. Qxd8+ Kg7 33. Qd4+ f6 34.
Qa7+ Kh6 35. Kh2 Qf4+ 36. Kg1 Qd6 37. Kf2 g5 38. Be2 Kg6 39. Qe3 Kg7 40. Bd3 1/2-1/2

[Event "Aeroflot Open A 2017"]
[Site "Moscow RUS"]
[Date "2017.02.21"]
[Round "1.2"]
[White "Maghsoodloo, Parham"]
[Black "Vitiugov, Nikita"]
[Result "1/2-1/2"]
[WhiteTitle "GM"]
[BlackTitle "GM"]
[WhiteElo "2575"]
[BlackElo "2724"]
[WhiteFideId "12539929"]
[BlackFideId "4152956"]
[EventDate "2017.02.21"]

1. Nf3 c5 2. c4 Nc6 3. g3 g6 4. Bg2 Bg7 5. O-O e6 6. Nc3 Nge7 7. d3 O-O 8. Bf4
d5 9. cxd5 Nxd5 10. Bg5 Qd7 11. Qd2 Re8 12. Rfd1 b6 13. Rac1 Bb7 14. Bh6 Bh8 15.
e4 Nc7 16. Bh3 Ne5 17. Nxe5 Bxe5 18. Ne2 Nb5 19. b4 Rac8 20. bxc5 bxc5 21. Bf4
Nd4 22. Nxd4 Bxd4 23. Bg2 Ba6 24. h4 h5 25. Kh2 Rc6 26. Be3 Rd8 27. e5 Rb6 28.
Bg5 Rdb8 29. Bf6 Kh7 30. Rc2 Rb2 31. Rdc1 Rxc2 32. Rxc2 Bb7 33. Bxb7 Rxb7 34.
Qf4 Rb1 35. Qe4 Qb7 36. Qxb7 Rxb7 37. Kg2 a5 38. Bg5 a4 39. Bc1 Bxe5 40. Rxc5
Bb2 41. Be3 Rd7 1/2-1/2

[Event "Aeroflot Open A 2017"]
[Site "Moscow RUS"]
[Date "2017.02.21"]
[Round "1.3"]
[White "Inarkiev, Ernesto"]
[Black "Blomqvist, Erik"]
[Result "1/2-1/2"]
[WhiteTitle "GM"]
[BlackTitle "GM"]
[WhiteElo "2723"]
[BlackElo "2573"]
[WhiteFideId "4162722"]
[BlackFideId "1709437"]
[EventDate "2017.02.21"]

1. e4 e5 2. Nf3 Nc6 3. Bb5 a6 4. Ba4 Nf6 5. O-O Be7 6. Re1 b5 7. Bb3 d6 8. c3
O-O 9. h3 Bb7 10. d4 Re8 11. Nbd2 Bf8 12. a3 Qd7 13. Bc2 d5 14. exd5 Qxd5 15.
Bb3 Qd6 16. Ng5 Nd8 17. Nde4 Nxe4 18. Nxe4 Qd7 19. Qg4 Qxg4 20. hxg4 Kh8 21. Ng3
f6 22. dxe5 fxe5 23. Be3 Ne6 24. Rad1 Nf4 25. f3 g6 26. Bc2 Rad8 27. Ne4 Kg7 28.
Nc5 Bc8 29. Bf2 Rxd1 30. Rxd1 Be7 31. Re1 Bf6 32. Ne4 Be7 33. Nc5 Bf6 34. a4 Rd8
35. Ne4 Be7 36. Be3 Nd3 37. Bxd3 Rxd3 38. axb5 axb5 39. Bc5 Bd8 40. Bf2 h5 41.
Bg3 Rd5 42. Nf2 Kf6 43. gxh5 gxh5 44. Bh4+ Kf5 45. Bxd8 Rxd8 46. Re3 c5 47. Ne4
c4 48. Ng3+ Kf4 49. Kf2 h4 50. Nh5+ Kf5 51. g4+ hxg3+ 52. Nxg3+ Kf6 53. Nh5+ Kf5
54. Ng3+ Kf6 55. Nh5+ 1/2-1/2

[Event "Aeroflot Open A 2017"]
[Site "Moscow RUS"]
[Date "2017.02.21"]
[Round "1.4"]
[White "Predke, Alexandr"]
[Black "Jobava, Baadur"]
[Result "1/2-1/2"]
[WhiteTitle "GM"]
[BlackTitle "GM"]
[WhiteElo "2573"]
[BlackElo "2701"]
[WhiteFideId "24107581"]
[BlackFideId "13601520"]
[EventDate "2017.02.21"]

1. e4 c6 2. d4 d5 3. Nc3 dxe4 4. Nxe4 Bf5 5. Ng3 Bg6 6. h4 h6 7. Nf3 Nd7 8. h5
Bh7 9. Bd3 Bxd3 10. Qxd3 e6 11. Bd2 Ngf6 12. O-O-O Qc7 13. Ne4 O-O-O 14. c4 c5
15. Be3 cxd4 16. Qxd4 Nxe4 17. Qxe4 Bc5 18. Bf4 Qc6 19. Qxc6+ bxc6 20. Bg3 Rhe8
21. Rde1 e5 22. Nxe5 Bxf2 23. Bxf2 Nxe5 24. Kc2 Nxc4 25. Bxa7 Kb7 26. Bc5 Ka6
27. a4 Nb6 28. b3 Rxe1 29. Rxe1 Rd5 30. Bxb6 Kxb6 31. g4 Rd4 32. Re7 Rf4 33. Kd3
c5 34. Re4 Rf1 35. Rc4 Rf3+ 36. Kc2 Rf2+ 37. Kc3 Rf3+ 38. Kc2 Rf2+ 39. Kc3 1/2-1/2

[Event "Aeroflot Open A 2017"]
[Site "Moscow RUS"]
[Date "2017.02.21"]
[Round "1.7"]
[White "Mamedov, Rauf"]
[Black "Zhigalko, Andrey"]
[Result "1/2-1/2"]
[WhiteTitle "GM"]
[BlackTitle "GM"]
[WhiteElo "2688"]
[BlackElo "2571"]
[WhiteFideId "13401653"]
[BlackFideId "13502247"]
[EventDate "2017.02.21"]

1. e4 c5 2. Nf3 d6 3. d4 cxd4 4. Nxd4 Nf6 5. f3 Nc6 6. c4 e6 7. Nc3 Be7 8. Nc2
O-O 9. Be2 d5 10. cxd5 exd5 11. exd5 Nb4 12. Nxb4 Bxb4 13. O-O Bxc3 14. bxc3
Nxd5 15. Qd4 Re8 16. Re1 Be6 17. Bb2 Qb6 18. Qxb6 Nxb6 19. a4 a5 20. Bb5 Rec8
21. Rad1 h6 22. Re4 Rd8 23. Red4 Rxd4 24. Rxd4 Rc8 25. Kf2 Bc4 26. Rd6 Bxb5 27.
Rxb6 Bc6 28. c4 Bxa4 29. Rxb7 Rxc4 30. Ba3 Bc6 31. Rc7 g5 32. Bd6 Kg7 33. Ke3
Bd5 34. Rxc4 Bxc4 35. g3 Kf6 36. Bf8 a4 37. f4 g4 38. Kd4 Be6 39. Bxh6 a3 40.
Kc3 a2 41. Kb2 Kf5 42. Bf8 Ke4 43. f5 Kxf5 1/2-1/2

[Event "Aeroflot Open A 2017"]
[Site "Moscow RUS"]
[Date "2017.02.21"]
[Round "1.8"]
[White "Svane, Rasmus"]
[Black "Adhiban, Baskaran"]
[Result "1/2-1/2"]
[WhiteTitle "GM"]
[BlackTitle "GM"]
[WhiteElo "2570"]
[BlackElo "2682"]
[WhiteFideId "4657101"]
[BlackFideId "5018471"]
[EventDate "2017.02.21"]

1. Nf3 Nf6 2. c4 g6 3. Nc3 Bg7 4. e4 d6 5. d4 O-O 6. Be2 Na6 7. O-O e5 8. Be3
Ng4 9. Bg5 Qe8 10. Re1 exd4 11. Nd5 d3 12. Bxd3 c6 13. Ne7+ Kh8 14. Nxc8 Rxc8
15. h3 Ne5 16. Bf1 Nc5 17. Nd4 Ned3 18. Bxd3 Bxd4 19. Bh6 Bg7 20. Bxg7+ Kxg7 21.
b4 Ne6 22. Be2 Rd8 23. Bg4 c5 24. Bxe6 Qxe6 25. Qb3 cxb4 26. Qxb4 Rd7 27. Rad1
Rc8 28. Rd5 Rdc7 29. Qb2+ Kg8 30. e5 dxe5 31. Rdxe5 Qd7 32. R5e4 b6 33. Qf6 Rc6
34. Qc3 R6c7 35. Qf6 Rc6 36. Qc3 R6c7 1/2-1/2

[Event "Aeroflot Open A 2017"]
[Site "Moscow RUS"]
[Date "2017.02.21"]
[Round "1.10"]
[White "Grigoriants, Sergey"]
[Black "Sasikiran, Krishnan"]
[Result "1/2-1/2"]
[WhiteTitle "GM"]
[BlackTitle "GM"]
[WhiteElo "2564"]
[BlackElo "2674"]
[WhiteFideId "4130804"]
[BlackFideId "5004985"]
[EventDate "2017.02.21"]

1. Nf3 d5 2. d4 Nf6 3. c4 c6 4. Nc3 e6 5. e3 Nbd7 6. Qc2 Bd6 7. Bd3 O-O 8. O-O
dxc4 9. Bxc4 b5 10. Be2 Bb7 11. e4 e5 12. dxe5 Nxe5 13. Nh4 Bc8 14. Nf5 Bxf5 15.
exf5 Re8 16. Bg5 1/2-1/2

[Event "Aeroflot Open A 2017"]
[Site "Moscow RUS"]
[Date "2017.02.21"]
[Round "1.11"]
[White "Sjugirov, Sanan"]
[Black "Gordievsky, Dmitry"]
[Result "0-1"]
[WhiteTitle "GM"]
[BlackTitle "IM"]
[WhiteElo "2673"]
[BlackElo "2564"]
[WhiteFideId "4189302"]
[BlackFideId "24112798"]
[EventDate "2017.02.21"]

1. d4 Nf6 2. c4 g6 3. Nc3 Bg7 4. e4 d6 5. Nf3 O-O 6. Be2 Na6 7. O-O e5 8. Be3 c6
9. d5 Ng4 10. Bg5 f6 11. Bh4 c5 12. Ne1 Nh6 13. a3 Bd7 14. Nd3 g5 15. Bg3 f5 16.
exf5 Nxf5 17. Bg4 Nc7 18. Ne4 h6 19. b4 b6 20. Rb1 Ne8 21. Re1 Nf6 22. Nxf6+
Qxf6 23. Qf3 Qg6 24. Bh5 Qh7 25. bxc5 Nxg3 26. Qxg3 Bf5 27. Rb3 bxc5 28. Nb2 Bc2
29. Rb7 Rab8 30. Rxb8 Rxb8 31. Nd1 Rb1 32. Qh3 Qf5 33. Bg4 Qd3 34. Qh5 Qg6 35.
Qh3 Qd3 36. Qh5 Qd2 37. Rf1 Kh7 38. Qe8 Bg6 39. Qe6 Qd3 40. Ne3 Rxf1+ 41. Nxf1
h5 42. Bh3 g4 43. Bxg4 hxg4 44. Qxg4 Qf5 45. Qh4+ Qh5 46. Qe7 Qd1 47. Qh4+ Kg8
48. Qd8+ Bf8 49. Qf6 Bd3 50. Qe6+ Kh7 51. Qh3+ Bh6 52. Qd7+ Bg7 53. Qh3+ Kg6 54.
Qe6+ Bf6 55. Qg8+ Kh6 0-1

[Event "Aeroflot Open A 2017"]
[Site "Moscow RUS"]
[Date "2017.02.21"]
[Round "1.12"]
[White "Idani, Pouya"]
[Black "Vidit, Santosh Gujrathi"]
[Result "1/2-1/2"]
[WhiteTitle "GM"]
[BlackTitle "GM"]
[WhiteElo "2563"]
[BlackElo "2673"]
[WhiteFideId "12510130"]
[BlackFideId "5029465"]
[EventDate "2017.02.21"]

1. e4 e5 2. Nf3 Nc6 3. Bb5 Nf6 4. O-O Nxe4 5. Re1 Nd6 6. Nxe5 Be7 7. Bf1 Nxe5 8.
Rxe5 O-O 9. d4 Bf6 10. Re1 Re8 11. Rxe8+ Nxe8 12. Bf4 d5 13. c3 c6 14. Bd3 g6
15. Nd2 Ng7 16. Qe2 Nh5 17. Bh6 Bg7 18. Bxg7 Nxg7 19. Re1 Be6 20. h3 Qf8 21. Nf3
Re8 22. Qd2 Qd6 23. Qg5 Bd7 24. Rxe8+ Bxe8 25. Qe5 Qxe5 26. Nxe5 f6 27. Ng4 Kf7
28. Ne3 Bd7 29. h4 Ke7 1/2-1/2

[Event "Aeroflot Open A 2017"]
[Site "Moscow RUS"]
[Date "2017.02.21"]
[Round "1.17"]
[White "Najer, Evgeniy"]
[Black "Morovic Fernandez, Ivan"]
[Result "1-0"]
[WhiteTitle "GM"]
[BlackTitle "GM"]
[WhiteElo "2659"]
[BlackElo "2550"]
[WhiteFideId "4118987"]
[BlackFideId "3405400"]
[EventDate "2017.02.21"]

1. d4 Nf6 2. c4 e6 3. Nf3 b6 4. g3 Bb7 5. Bg2 Be7 6. Nc3 Ne4 7. Bd2 O-O 8. Qc2
d5 9. cxd5 exd5 10. O-O Nd7 11. Bf4 c5 12. dxc5 Nxc3 13. Qxc3 bxc5 14. Rfd1 Qb6
15. Qc2 Nf6 16. Rac1 Rfe8 17. e3 Bf8 18. h3 h6 19. g4 a5 20. Qb3 Qb4 21. Ne5 Ra7
22. Nd3 Qxb3 23. axb3 Rc8 24. Be5 Nd7 25. Bc3 g5 26. Ra1 Rca8 27. Nc1 Nb6 28.
Ne2 a4 29. bxa4 Nxa4 30. Rab1 Rd8 31. Ng3 Nxc3 32. bxc3 Ba8 33. Nf5 Ra4 34. Rb6
Rc4 35. Ra1 Rxc3 36. Ra7 Rc1+ 37. Kh2 c4 38. Rba6 d4 39. Rxa8 Rxa8 40. Rxa8 d3
41. Nxh6+ Kg7 42. Nf5+ Kg8 43. Rd8 Rd1 44. Bf3 Rd2 45. Rc8 Rxf2+ 46. Kg3 Rc2 47.
Be4 Rc3 48. Kf2 Rc2+ 49. Kf3 Rc3 50. Kf2 Rc2+ 51. Ke1 Rc1+ 52. Kd2 Rc2+ 53. Ke1
Rc1+ 54. Kd2 Rc2+ 55. Kd1 c3 56. Nd4 Rf2 57. Rxc3 Rf1+ 58. Kd2 Bb4 59. Kxd3 Bxc3
60. Kxc3 Kg7 61. Kd3 Rf2 62. Nf3 Kh6 63. Bd5 Kg6 64. Ne5+ Kf6 65. Nxf7 Rh2 66.
Kd4 Rxh3 67. Nd6 Rh4 68. Bf3 Rh2 69. Ne4+ Kg6 70. Nc5 Kf6 71. e4 Rd2+ 72. Nd3
Rh2 73. e5+ Ke7 74. Be4 Ra2 75. Bf5 Ra4+ 76. Kc5 Ra5+ 77. Kb6 Rd5 78. Nb4 Rd2
79. Kc6 Kd8 80. e6 1-0

[Event "Aeroflot Open A 2017"]
[Site "Moscow RUS"]
[Date "2017.02.21"]
[Round "1.18"]
[White "Ramirez, Alejandro"]
[Black "Fedoseev, Vladimir3"]
[Result "1/2-1/2"]
[WhiteTitle "GM"]
[BlackTitle "GM"]
[WhiteElo "2549"]
[BlackElo "2658"]
[WhiteFideId "6500617"]
[BlackFideId "24130737"]
[EventDate "2017.02.21"]

1. Nf3 d5 2. b3 Bf5 3. Bb2 e6 4. g3 Nc6 5. Bg2 h5 6. d3 h4 7. Nxh4 Rxh4 8. gxh4
Qxh4 9. e3 Bb4+ 10. Nd2 Bg4 11. Qc1 Nge7 12. h3 Bh5 13. a3 Ba5 14. b4 Bb6 15.
Nf3 Bxf3 16. Bxf3 d4 17. e4 Ne5 18. Be2 g5 19. Rg1 f6 20. Rg3 N7g6 21. Qd2 Nf4
22. O-O-O a5 23. Bg4 Kf7 24. Kb1 axb4 25. Qxb4 Qh8 26. Rh1 Qh4 27. Bc1 Nfg6 28.
Qb3 Re8 29. Bf5 Nf4 30. Bg4 Nfg6 31. Bf5 Nf4 32. Bg4 1/2-1/2

[Event "Aeroflot Open A 2017"]
[Site "Moscow RUS"]
[Date "2017.02.21"]
[Round "1.21"]
[White "Iturrizaga Bonelli, Eduardo"]
[Black "Olafsson, Helgi"]
[Result "1-0"]
[WhiteTitle "GM"]
[BlackTitle "GM"]
[WhiteElo "2652"]
[BlackElo "2540"]
[WhiteFideId "3901211"]
[BlackFideId "2300010"]
[EventDate "2017.02.21"]

1. d4 Nf6 2. c4 e6 3. g3 d5 4. Bg2 dxc4 5. Nf3 c5 6. O-O Nc6 7. dxc5 Qxd1 8.
Rxd1 Bxc5 9. Nbd2 c3 10. bxc3 O-O 11. Nb3 Be7 12. Bb2 Bd7 13. c4 Rfd8 14. c5
Rac8 15. Nfd2 Be8 16. Nc4 Rxd1+ 17. Rxd1 Kf8 18. Nd6 Rc7 19. e4 Nb4 20. Be5 Ba4
21. Rd4 Bxb3 22. Rxb4 Rxc5 23. Rxb7 Ba4 24. Rxa7 Bc6 25. Bf4 g5 26. Be3 Rc2 27.
e5 Ng4 28. Bxc6 Nxe3 29. Ra8+ Kg7 30. Ne8+ Kh6 31. fxe3 Rxc6 32. Ra7 Bc5 33.
Rxf7 Bxe3+ 34. Kg2 g4 35. Rf6+ Kg5 36. Ng7 Rc2+ 37. Kf1 Rxa2 38. Nxe6+ Kh5 39.
Rf5+ Kg6 40. Rf6+ Kh5 41. Nf4+ Kg5 42. Rf7 Ra5 43. Nd3 Ra6 44. Ke2 Bd4 45. Rd7
Ra2+ 46. Kf1 Ra1+ 47. Ke2 Ra2+ 48. Kd1 Be3 49. e6 Kf6 50. e7 Kf7 51. Ne5+ Ke8
52. Rb7 Rd2+ 53. Ke1 Rd6 54. Rb8+ Kxe7 55. Rb7+ Kf8 56. Rxh7 Rd4 57. Rh8+ Kg7
58. Rh4 Re4 59. Rxg4+ Rxg4 60. Nxg4 Bb6 61. Ke2 Kg6 62. Kf3 Kh5 63. Kf4 Bc7+ 64.
Kf5 Bb8 65. Ne5 Bd6 66. Nf3 Kh6 67. g4 1-0

[Event "Aeroflot Open A 2017"]
[Site "Moscow RUS"]
[Date "2017.02.21"]
[Round "1.22"]
[White "Xu, Yinglun"]
[Black "Zhigalko, Sergei"]
[Result "1/2-1/2"]
[BlackTitle "GM"]
[WhiteElo "2540"]
[BlackElo "2652"]
[WhiteFideId "8604940"]
[BlackFideId "13502956"]
[EventDate "2017.02.21"]

1. d4 Nf6 2. c4 e6 3. Nf3 b6 4. g3 Bb7 5. Bg2 Bb4+ 6. Bd2 Bxd2+ 7. Qxd2 O-O 8.
O-O d6 9. Nc3 Ne4 10. Nxe4 Bxe4 11. Qe3 Bb7 12. Ne1 Bxg2 13. Nxg2 Nd7 14. Qd3 a5
15. e4 a4 16. Ne3 Ra5 17. b4 axb3 18. axb3 Qa8 19. Rxa5 Qxa5 20. Nc2 Qa8 1/2-1/2

[Event "Aeroflot Open A 2017"]
[Site "Moscow RUS"]
[Date "2017.02.21"]
[Round "1.24"]
[White "Gabrielian, Artur"]
[Black "Saric, Ivan"]
[Result "1/2-1/2"]
[WhiteTitle "GM"]
[BlackTitle "GM"]
[WhiteElo "2532"]
[BlackElo "2648"]
[WhiteFideId "4131002"]
[BlackFideId "14508150"]
[EventDate "2017.02.21"]

1. e4 c5 2. Nf3 d6 3. d4 cxd4 4. Nxd4 Nf6 5. Nc3 a6 6. Bg5 Nbd7 7. Qe2 Qc7 8.
O-O-O e6 9. f4 b5 10. a3 Bb7 11. g4 Be7 12. Bg2 Rc8 13. Bh4 Qc4 14. Qe1 h6 15.
Rg1 g5 16. fxg5 hxg5 17. Bxg5 Rxh2 18. Bf1 Qc5 19. Be3 Nxe4 20. Nf3 Nxc3 21.
Bxc5 Bxf3 22. bxc3 Nxc5 23. Qg3 Bg5+ 24. Kb1 Bxd1 25. Qxh2 Ne4 26. Bd3 Nxc3+ 27.
Ka1 Bf6 28. Rf1 Bg7 29. Qh5 Rc7 30. Rxf7 Rxf7 31. Bg6 Kf8 32. Bxf7 Bxc2 33. Kb2
Bd3 34. Be8 Ne2+ 35. Kb3 Kg8 36. Qf7+ Kh8 37. g5 a5 38. Qh5+ Kg8 39. Qf7+ Kh8
40. Qh5+ Kg8 41. Qf7+ 1/2-1/2

[Event "Aeroflot Open A 2017"]
[Site "Moscow RUS"]
[Date "2017.02.21"]
[Round "1.27"]
[White "Kuzubov, Yuriy"]
[Black "Kotronias, Vasilios"]
[Result "1/2-1/2"]
[WhiteTitle "GM"]
[BlackTitle "GM"]
[WhiteElo "2643"]
[BlackElo "2524"]
[WhiteFideId "14112906"]
[BlackFideId "5900212"]
[EventDate "2017.02.21"]

1. e4 c5 2. Nf3 Nc6 3. Bb5 d6 4. O-O Bd7 5. Re1 Nf6 6. c3 a6 7. Ba4 b5 8. Bc2
Bg4 9. h3 Bxf3 10. Qxf3 g6 11. d3 Bg7 12. Be3 O-O 13. Nd2 Nd7 14. Rac1 Rc8 15.
Qe2 Nb6 16. f4 b4 17. Bd1 a5 18. Nf3 a4 19. a3 bxa3 20. bxa3 Na5 21. Qa2 c4 22.
d4 Nb3 23. Rb1 Nd7 24. Be2 e5 25. Rbd1 exd4 26. Nxd4 Ndc5 27. Qc2 Qe7 28. Bxc4
Nxe4 29. Bxb3 axb3 30. Qxb3 Nxc3 31. Bf2 Qc7 32. Rd3 Qc4 33. Qxc4 Rxc4 34. Ne2
Ra8 1/2-1/2

[Event "Aeroflot Open A 2017"]
[Site "Moscow RUS"]
[Date "2017.02.21"]
[Round "1.28"]
[White "Sunilduth Lyna, Narayanan"]
[Black "Lysyj, Igor"]
[Result "1/2-1/2"]
[WhiteTitle "GM"]
[BlackTitle "GM"]
[WhiteElo "2524"]
[BlackElo "2643"]
[WhiteFideId "5058422"]
[BlackFideId "4150120"]
[EventDate "2017.02.21"]

1. d4 Nf6 2. c4 e6 3. Nf3 d5 4. Nc3 c5 5. cxd5 Nxd5 6. e4 Nxc3 7. bxc3 cxd4 8.
cxd4 Bb4+ 9. Bd2 Bxd2+ 10. Qxd2 O-O 11. Bc4 Nc6 12. O-O Na5 13. Bd3 b6 14. Rfe1
Bb7 15. Rad1 Rc8 16. d5 Rc5 17. Qf4 h6 18. h4 exd5 19. e5 Bc8 20. Nd4 Nc6 21.
Nf5 Bxf5 22. Qxf5 g6 23. Qg4 Kg7 24. f4 h5 25. Qg3 f5 26. Be2 Kh7 27. Bf3 Re8
28. Re2 Re6 29. Red2 Ne7 30. Qg5 Qd7 31. Rd3 Rec6 32. Kh2 Qe6 33. R1d2 Rc7 34.
Bd1 Ng8 35. Bb3 Rd7 36. Qg3 Ne7 1/2-1/2

[Event "Aeroflot Open A 2017"]
[Site "Moscow RUS"]
[Date "2017.02.21"]
[Round "1.29"]
[White "Khismatullin, Denis"]
[Black "Lorparizangeneh, Shahin"]
[Result "1/2-1/2"]
[WhiteTitle "GM"]
[BlackTitle "IM"]
[WhiteElo "2639"]
[BlackElo "2519"]
[WhiteFideId "4142578"]
[BlackFideId "12521604"]
[EventDate "2017.02.21"]

1. c4 c5 2. Nf3 Nc6 3. d4 cxd4 4. Nxd4 Nf6 5. Nc3 e6 6. a3 d5 7. cxd5 exd5 8. g3
Bc5 9. Be3 Bb6 10. Na4 Bxd4 11. Bxd4 O-O 12. Bg2 Re8 13. Nc3 Ne4 14. Nxe4 dxe4
15. Bc3 Bg4 16. h3 Bh5 17. Qa4 Bf3 18. Rd1 Qe7 19. Bxf3 exf3 20. e3 Rad8 21. O-O
Qe6 22. Kh2 f6 23. Rxd8 Rxd8 24. Rd1 Rf8 25. Qb5 Rf7 26. Qd5 Qxd5 27. Rxd5 Kf8
28. g4 Ke7 29. Kg3 Ke6 30. Rf5 Rd7 31. Kxf3 Rd1 32. h4 b6 33. Rh5 h6 34. g5 hxg5
35. hxg5 Rd5 36. e4 Rc5 37. Bd2 Ne5+ 38. Kg3 Nc4 39. Bc3 Nd6 40. f3 Nf7 41. f4
g6 42. f5+ gxf5 43. gxf6 f4+ 44. Kg4 Rxh5 45. Kxh5 f3 46. Bd4 Ne5 47. Kh4 Nc6
48. Be3 Kxf6 49. Kg3 Ke6 50. a4 Ne5 51. b3 Nc6 52. Kxf3 Ke5 53. Bf2 Na5 54. Bg3+
Kd4 55. b4 Nc4 56. Kf4 a6 57. Kf5 Ne3+ 58. Kf4 Nc4 59. Be1 Nb2 60. Kf5 Nc4 61.
Bf2+ Kc3 62. Be1+ Kd4 63. Bf2+ Kc3 64. Ke6 Kxb4 65. Kd5 b5 66. axb5 Kxb5 1/2-1/2

[Event "Aeroflot Open A 2017"]
[Site "Moscow RUS"]
[Date "2017.02.21"]
[Round "1.30"]
[White "Harutyunian, Tigran K."]
[Black "Alekseev, Evgeny"]
[Result "1/2-1/2"]
[WhiteTitle "IM"]
[BlackTitle "GM"]
[WhiteElo "2515"]
[BlackElo "2632"]
[WhiteFideId "13303635"]
[BlackFideId "4138147"]
[EventDate "2017.02.21"]

1. Nf3 c5 2. c4 Nc6 3. Nc3 g6 4. e3 Nf6 5. d4 cxd4 6. exd4 d5 7. cxd5 Nxd5 8.
Qb3 e6 9. Bb5 Bg7 10. O-O O-O 11. Bxc6 bxc6 12. Na4 Qd6 13. Re1 Rb8 14. Qc2 Nb4
15. Qc3 Nd5 16. Qc2 Nb4 17. Qc3 Nd5 18. Qd2 c5 19. Nxc5 Bb7 20. b3 Ba8 21. Ne5
Rfd8 22. Bb2 Ne7 23. Qf4 Nf5 24. Ne4 Qe7 25. Rad1 Rbc8 26. g4 Nh4 27. Rc1 f6 28.
Rxc8 Rxc8 29. Nc4 f5 30. g5 Bxe4 31. Qxh4 h6 32. Ba3 Qxg5+ 33. Qxg5 hxg5 34. Nd6
Rc2 35. Nxe4 1/2-1/2

[Event "Aeroflot Open A 2017"]
[Site "Moscow RUS"]
[Date "2017.02.21"]
[Round "1.31"]
[White "Bluebaum, Matthias"]
[Black "Pavlovic, Milos"]
[Result "1-0"]
[WhiteTitle "GM"]
[BlackTitle "GM"]
[WhiteElo "2632"]
[BlackElo "2512"]
[WhiteFideId "24651516"]
[BlackFideId "900389"]
[EventDate "2017.02.21"]

1. Nf3 Nf6 2. g3 g6 3. c4 Bg7 4. d4 O-O 5. Bg2 c5 6. d5 e6 7. Nc3 exd5 8. cxd5
d6 9. O-O Re8 10. Bf4 a6 11. a4 Qc7 12. Rc1 Nbd7 13. b4 Nh5 14. Bd2 Nhf6 15. a5
Qd8 16. Na4 Ne4 17. Be1 b5 18. axb6 Nxb6 19. Nxb6 Qxb6 20. Nd2 Nxd2 21. bxc5
dxc5 22. Bxd2 Bg4 23. Re1 a5 24. d6 Rad8 25. Qa4 Qxd6 26. Bxa5 Bd7 27. Qc4 Rc8
28. Bb7 Be6 29. Qe4 Rb8 30. Red1 Qe7 31. Bc6 Rec8 32. Bd7 Qxd7 33. Rxd7 Bxd7 34.
Bc3 Bf5 35. Qf4 Bxc3 36. Rxc3 Rb4 37. Qd6 Bh3 38. Rc1 Rb2 39. Qe5 Rd2 40. f3 Be6
41. Qe3 Ra2 42. g4 c4 43. h4 Ra5 44. Kf2 h5 45. Qc3 Rb5 46. gxh5 Rxh5 47. Kg3
Rb5 48. e4 Kh7 49. Qf6 Rh5 50. Rc3 Rb8 51. Ra3 Rc8 52. Kf4 c3 53. Rxc3 Rxc3 54.
Qxc3 Rxh4+ 55. Kg5 Rh3 56. Qe3 Rg3+ 57. Kf4 Rh3 58. Ke5 Rh5+ 59. Kf6 g5 60. Qc3
g4 61. f4 Rh3 62. Qc2 Bb3 63. Qb2 Rh6+ 64. Ke7 Rb6 65. Qd4 Re6+ 66. Kf8 Rg6 67.
f5 Rg8+ 68. Ke7 g3 69. Qd3 Ba2 70. Qe2 Rg7 71. f6 Rg5 72. Qxa2 g2 73. Qxf7+ Kh6
74. Qf8+ Kh7 75. Qf7+ Kh8 76. Qe6 g1=Q 77. Qh3+ 1-0

[Event "Aeroflot Open A 2017"]
[Site "Moscow RUS"]
[Date "2017.02.21"]
[Round "1.32"]
[White "Tabatabaei, M.amin"]
[Black "Goganov, Aleksey"]
[Result "1/2-1/2"]
[WhiteTitle "IM"]
[BlackTitle "GM"]
[WhiteElo "2507"]
[BlackElo "2632"]
[WhiteFideId "12521213"]
[BlackFideId "24109959"]
[EventDate "2017.02.21"]

1. d4 Nf6 2. c4 e6 3. Nc3 d5 4. cxd5 exd5 5. Bg5 c6 6. e3 Be7 7. Qc2 Nbd7 8. Nf3
Nf8 9. Bd3 Ne6 10. Bh4 g6 11. O-O O-O 12. Rab1 a5 13. a3 Ng7 14. b4 axb4 15.
axb4 Bf5 16. Bxf5 Nxf5 17. Bxf6 Bxf6 18. b5 Nd6 19. bxc6 bxc6 20. Nd2 Ra3 21.
Ra1 Rxa1 22. Rxa1 c5 23. dxc5 Nb5 24. Ndb1 Nxc3 25. Nxc3 d4 26. exd4 Qxd4 27.
Rc1 Qxc5 28. Ne4 Qxc2 29. Nxf6+ Kg7 30. Rxc2 Kxf6 31. g3 h5 32. h4 1/2-1/2

[Event "Aeroflot Open A 2017"]
[Site "Moscow RUS"]
[Date "2017.02.21"]
[Round "1.33"]
[White "Kobalia, Mikhail"]
[Black "Esipenko, Andrey"]
[Result "1/2-1/2"]
[WhiteTitle "GM"]
[BlackTitle "FM"]
[WhiteElo "2628"]
[BlackElo "2502"]
[WhiteFideId "4119150"]
[BlackFideId "24175439"]
[EventDate "2017.02.21"]

1. c4 Nf6 2. Nf3 e6 3. g3 d5 4. Bg2 Be7 5. O-O O-O 6. d4 dxc4 7. Qc2 b6 8. Bg5
Nd5 9. Bxe7 Qxe7 10. Qxc4 Ba6 11. Qc2 c5 12. Rd1 Nd7 13. e4 Nb4 14. Qa4 Be2 15.
Rd2 Bxf3 16. Bxf3 cxd4 17. Rxd4 Ne5 18. Be2 Nbc6 19. Rd1 g5 20. Nd2 Rad8 21. Nc4
Rxd1+ 22. Rxd1 Rd8 23. Rxd8+ Qxd8 24. Nxe5 Nxe5 25. Qxa7 h6 26. Qa6 Kg7 27. Qa3
Qd4 28. Qc3 1/2-1/2

[Event "Aeroflot Open A 2017"]
[Site "Moscow RUS"]
[Date "2017.02.21"]
[Round "1.34"]
[White "Golubov, Saveliy"]
[Black "Buhmann, Rainer"]
[Result "1/2-1/2"]
[WhiteTitle "IM"]
[BlackTitle "GM"]
[WhiteElo "2492"]
[BlackElo "2625"]
[WhiteFideId "24176729"]
[BlackFideId "4651340"]
[EventDate "2017.02.21"]

1. Nf3 d5 2. g3 c5 3. Bg2 Nc6 4. O-O e5 5. d3 Nf6 6. c4 d4 7. e3 Be7 8. exd4
exd4 9. a3 O-O 10. Re1 h6 11. Nbd2 a5 12. Ne5 Nxe5 13. Rxe5 Qc7 14. Re1 Bg4 15.
Qb3 Rab8 16. Ne4 Nxe4 17. Bxe4 Bd6 18. Bd2 Rfe8 19. Qa4 b6 20. b4 Bd7 21. b5 Re5
22. Qd1 Rbe8 23. f4 R5e7 24. Qf3 f5 25. Bd5+ Kh7 26. Rxe7 Rxe7 27. Re1 1/2-1/2